Statistics for Stocks on the DOW Index (no tickers)

Click here to take the quiz!

General Stats

  • This quiz has been taken 68 times
  • The average score is 9 of 30

Answer Stats

Answer% Correct
Apple
94%
Microsoft
80%
McDonalds
43%
Walmart
43%
JPMorgan Chase
39%
Visa
39%
Coca-Cola
37%
IBM
37%
Nike
31%
3M
30%
Goldman Sachs
30%
Johnson & Johnson
30%
Dow
28%
Walt Disney
28%
American Express
26%
Boeing
26%
Intel
26%
Caterpillar
24%
Chevron
24%
Home Depot
24%
Merck
22%
Verizon
22%
UnitedHealth
19%
Cisco
17%
Honeywell
15%
Procter & Gamble
13%
Travelers
13%
Walgreens
11%
Amgen
7%
SalesForce
7%

Score Distribution

Percentile by Number Answered

Percent of People with Each Score

Your Score History

You have not taken this quiz